• 首页
  • 本馆介绍
  • 公告通知
  • 最新文献
  • 馆藏检索
  • 电子资源
  • 读者导购
  • 参考咨询
  • 我的图书馆
  • 登录
  • 详细信息显示
  • 放入我的书架
  • 预约/预借图书
  • 作者相关作品
  • 分类相关作品
  • 丛书相关作品
  • 出版社相关作品

书目信息

  • 表格格式
  • 工作单格式
  • 卡片格式
题名:
改革开放40年交通运输部直属机关党建工作文集
    
 
作者: ;中国共产党 编
分册: 下卷  
出版信息: 北京   人民交通出版社股份有限公司  2018
页数: 16, 325页
开本: 27cm
丛书名:
单 册:
中图分类: D267.5-53 , D267.5
科图分类:
主题词:
电子资源:
ISBN: 978-7-114-14715-9
000 01130nam0 2200229 450
001 2346930038
005 20231202130326.34
010    @a978-7-114-14715-9@b精装@dCNY118.00
100    @a20190312d2018 em y0chiy50 ea
101 0  @achi
102    @aCN@b110000
105    @aa z 000yy
200 1  @a改革开放40年交通运输部直属机关党建工作文集@Agai ge kai fang 40nian jiao tong yun shu bu zhi shu ji guan dang jian gong zuo wen ji@h下卷@f中国共产党交通运输部直属机关委员会编
210    @a北京@c人民交通出版社股份有限公司@d2018
215    @a16, 325页@c彩图@d27cm
330    @a本书收录了改革开放40年以来, 部直属机关各单位党组织的综述性文稿、党建实践创新展示、个人征文、党建研究历年优秀成果及报告等, 由中国共产党交通运输部直属机关委员会编撰而成, 具有重要的史料价值和纪念意义, 供交通运输系统职工学习研读。
601 02 @a中国共产党@Azhong guo gong chan dang@x国家行政机关@x党的建设@j文集
690    @aD267.5-53@v5
690    @aD267.5@v4
711 02 @a中国共产党@Azhong guo gong chan dang@b交通运输部直属机关委员会@Bjiao tong yun shu bu zhi shu ji guan wei yuan hui@4编
801  0 @aCN@b湖北三新@c20190312
905    @aBZT@dD267.5@e5:2
    
    改革开放40年交通运输部直属机关党建工作文集.下卷/中国共产党交通运输部直属机关委员会编.-北京:人民交通出版社股份有限公司,2018
    16, 325页:彩图;27cm
    
    
    ISBN 978-7-114-14715-9(精装):CNY118.00
    本书收录了改革开放40年以来, 部直属机关各单位党组织的综述性文稿、党建实践创新展示、个人征文、党建研究历年优秀成果及报告等, 由中国共产党交通运输部直属机关委员会编撰而成, 具有重要的史料价值和纪念意义, 供交通运输系统职工学习研读。
●
相关链接 在五车中查询图书 在当当中查询图书 在豆瓣中查询图书


正题名:改革开放40年交通运输部直属机关党建工作文集     索取号:D267.5/5:2         预约/预借

序号 登录号 条形码 馆藏地/架位号 状态 备注
1 2001292468   2001292468   三新/湖北三新(第三批)/1013/ [索取号:D267.5/5:2] 在馆    
2 2001292469   2001292469   三新/湖北三新(第三批)/1014/ [索取号:D267.5/5:2] 在馆    
3 2001292470   2001292470   三新/湖北三新(第三批)/1014/ [索取号:D267.5/5:2] 在馆    
4 2001292471   2001292471   三新/湖北三新(第三批)/1014/ [索取号:D267.5/5:2] 在馆    
5 2001292472   2001292472   三新/湖北三新(第三批)/1014/ [索取号:D267.5/5:2] 在馆    
6 2001292473   2001292473   三新/湖北三新(第三批)/1014/ [索取号:D267.5/5:2] 在馆    
7 2001292474   2001292474   三新/湖北三新(第三批)/1014/ [索取号:D267.5/5:2] 在馆    
8 2001292475   2001292475   三新/湖北三新(第三批)/1014/ [索取号:D267.5/5:2] 在馆    
9 2001292476   2001292476   三新/湖北三新(第三批)/1014/ [索取号:D267.5/5:2] 在馆    
10 2001292477   2001292477   三新/湖北三新(第三批)/1014/ [索取号:D267.5/5:2] 在馆    
11 2001292478   2001292478   三新/湖北三新(第三批)/1014/ [索取号:D267.5/5:2] 在馆    
12 2001292479   2001292479   三新/湖北三新(第三批)/1014/ [索取号:D267.5/5:2] 在馆    
13 2001292480   2001292480   三新/湖北三新(第三批)/1014/ [索取号:D267.5/5:2] 在馆    
14 2001292481   2001292481   三新/湖北三新(第三批)/1014/ [索取号:D267.5/5:2] 在馆    
15 2001292482   2001292482   三新/湖北三新(第三批)/1014/ [索取号:D267.5/5:2] 在馆    
16 2001292483   2001292483   三新/湖北三新(第三批)/1014/ [索取号:D267.5/5:2] 在馆    
17 2001292484   2001292484   三新/湖北三新(第三批)/1014/ [索取号:D267.5/5:2] 在馆    
18 2001292485   2001292485   三新/湖北三新(第三批)/1014/ [索取号:D267.5/5:2] 在馆    
19 2001292486   2001292486   三新/湖北三新(第三批)/1014/ [索取号:D267.5/5:2] 在馆    
20 2001292487   2001292487   三新/湖北三新(第三批)/1014/ [索取号:D267.5/5:2] 在馆    
21 2001292488   2001292488   三新/湖北三新(第三批)/1014/ [索取号:D267.5/5:2] 在馆    
22 2001292489   2001292489   三新/湖北三新(第三批)/1014/ [索取号:D267.5/5:2] 在馆    
山东省滨州职业学院图书馆 欢迎您!
大连网信软件有限公司© 版权所有